Singer Quiz - Statistics

General Stats
  • This quiz has been taken 10 times
  • The average score is 8 of 15
Answer Stats
Hint Answer % Correct
Highway to Hell AC/DC
90%
24K Magic Bruno Mars
90%
Hey Ya! OutKast
90%
California Love Tupac Shakur
90%
Party in the USA Miley Cyrus
70%
Wanted Dead or Alive Bon Jovi
60%
Mambo No. 5 Lou Bega
60%
Bad Blood Taylor Swift
50%
Son of a Sinner Jelly Roll
30%
Robbery Juice WRLD
30%
Wasted on You Morgan Wallen
30%
Cleanin out My Closet Eminem
20%
Pony Ginuwine
20%
Poison Bell Biv DeVoe
10%
Gangsta Gangsta NWA
10%
No matching quizzes found
Score Distribution
Percent of People with Each Score
Percentile by Number Answered
Your Score History
You have not taken this quiz